| 000 | 00442nam a22001697a 4500 | ||
|---|---|---|---|
| 003 | MACL | ||
| 005 | 20160717131558.0 | ||
| 008 | 160717b xxu||||| |||| 00| 0 eng d | ||
| 040 | _cMACL | ||
| 041 | _aEnglish | ||
| 082 | _a001 GUP | ||
| 100 |
_aGupta, Anil _964593 |
||
| 245 |
_aA Complete Handbook For Nursing Competition Exams _cAnil Gupta |
||
| 260 |
_aJaipur _bJain Publications _c2014 |
||
| 650 |
_aG.K _964594 |
||
| 942 |
_2ddc _cHIN |
||
| 999 |
_c54352 _d54352 |
||